| 000 | 00809nam a2200205Ia 4500 | ||
|---|---|---|---|
| 001 | 5335 | ||
| 003 | GE_BSU | ||
| 008 | 181216s||||||||xx |||||||||||||| ||und|| | ||
| 040 | _cGE_BSU | ||
| 080 | _a517.54(075.8) | ||
| 100 | _aБалк, М.Б ;В.А. Петров; А.А. Полухин; | ||
| 245 | _aЗадачник-практикум по теории аналитических функций | ||
| 245 | _bУчебное пособие для студ. заочников пед ин-тов Московский гос заочный пед. ин-ут | ||
| 260 | _aМосква | ||
| 260 | _bПрсвещение | ||
| 260 | _c1976 | ||
| 300 | _a134стр.22 см. | ||
| 653 | _aЗадачник-практикум по теории аналитических функций | ||
| 942 | _cBK | ||
| 999 |
_c38915 _d38915 |
||